Pretil: un humanismo en lucha por la paz y la justicia

Shranjeno v:
Bibliografske podrobnosti
Korporativna značnica: Grupo Pretil
Format: Texto
Izdano: San José :
Oznake: Označite
Brez oznak, prvi označite!

MARC

LEADER 00000 a a2200000 04500
001 14582
003
040
090 |a 014500  
110 |a Grupo Pretil  
245 |a Pretil: un humanismo en lucha por la paz y la justicia  
260 |a San José :  
300 |a 8 p.  
999 |c 11123  |d 11123